=LDR 00000nam 2200000 4500 =001 INLIS000000000025035 =005 20221017021612 =035 ##$$a 0010-061300000025035 =008 221017################g##########0#ind## =041 ##$$a Ind =082 ##$$a 615.882 =090 ##$$a 615.882, Mur r =100 ##$$a Mursito, Bambang =245 1#$$a Ramuan tradisional untuk penyakit malaria /$c Bambang Mursito =260 ##$$a Jakarta :$b Penebar Swadaya,$c 2002 =300 ##$$a ix, 94 hlm, : $b illus ; $c 19 cm =650 #4$$a Obat Tradisional =850 ##$$a NBPNMAT =084 ##$$a 615.882 MUR r =990 ##$$a 18041804 =990 ##$$a 10408145 =990 ##$$a 10408145